| 000 | 01060cam a22003017a 4500 | ||
|---|---|---|---|
| 999 |
_c234081 _d234081 |
||
| 001 | 12371366 | ||
| 003 | Nust | ||
| 005 | 20170313130420.0 | ||
| 008 | 000829s2000 ii 000 1 eng | ||
| 010 | _a 00372167 | ||
| 020 | _a9780140298857 | ||
| 025 | _aI-E-00-372167; 27 | ||
| 035 | _a(DLC) 00372167 | ||
| 037 |
_bLibrary of Congress -- New Delhi Field Office _cRs395.00 |
||
| 040 |
_aDLC _cDLC |
||
| 042 | _alcode | ||
| 050 | 0 | 0 |
_aMLCM 2001/00005 _aPR9499.3.N3 |
| 082 |
_a823.912 _bNAR |
||
| 100 | 1 |
_aNarayan, R. K., _d1906-2001. |
|
| 245 | 1 | 4 |
_aThe magic of Malgudi / _cR.K. Narayan ; edited with an introduction by S. Krishnan. |
| 260 |
_aNew Delhi ; _aNew York, NY : _bViking, _c2000. |
||
| 300 |
_axiii, 408 p. ; _c23 cm. |
||
| 505 | 0 | _aSwami and friends -- The bachelor of arts -- The vendor of sweets. | |
| 650 | 0 |
_aMalgudi (India : Imaginary place) _xFiction. |
|
| 700 | 1 |
_aKrishnan, S., _d1925- |
|
| 906 |
_a7 _bcbc _corigode _d5 _encip _f20 _gy-gencatlg |
||
| 942 |
_2ddc _cBK |
||